| 000 | 01061nam a22002417a 4500 | ||
|---|---|---|---|
| 999 |
_c22238 _d22238 |
||
| 003 | AR-CdUCM | ||
| 008 | 190425b ||||| |||| 00| 0 spa d | ||
| 040 |
_aMUNICIPALIDAD PROVINCIAL DEL CUSCO _cBIBLIOTECA MUNICIPAL DEL CUSCO |
||
| 082 | _aEduTuri/N°1/2000 | ||
| 245 |
_aEduca & Turismo / _cJorge A. Gutiérrez Zambrano |
||
| 260 |
_aCusco. _bEduca, _c2000. |
||
| 300 |
_a30 páginas. : _bilustraciones ; _c29 cm. |
||
| 440 |
_aEduca & Turismo. _947725 |
||
| 505 | _aContenido: Educación ambiental. Qente - Picaflor. -- Homenaje a Armando Guevara Ochoa. -- Cambios en la Universidad peruana. -- El Arariwa. -- Iglesia San Pedro Apóstol de Calca. -- Cuatro lagunas y Qeswachaca. -- Reseña histórica de Puerto Maldonado. -- La Candelaria. -- Quinua. -- Princesas inkas. -- Candado Inka. | ||
| 650 |
_aFolklore _947716 |
||
| 650 |
_aCultura andina _947723 |
||
| 650 |
_aMedio Ambiente _947726 |
||
| 650 |
_aTurismo _947727 |
||
| 700 |
_aBecerra Umeres, Hilda _947728 |
||
| 700 |
_aLeón Sánchez, Silvia Emma _947729 |
||
| 942 |
_2ddc _cPP |
||
| 945 | _arac | ||